[Event "IECC CL8-2009.04 email"]
[Site "IECC email"]
[Date "2009.07.05"]
[Round "?"]
[White "Cooper, Andrew C"]
[Black "Hawkins, Cristina"]
[Result "0-1"]
[WhiteElo "946"]
[BlackElo "1000"]
[PlyCount "60"]
[EventDate "2009.??.??"]
[EventType "tourn (corr)"]
[EventRounds "4"]
[SourceTitle "Corr 2011"]
[Source "ChessBase"]
[SourceDate "2010.08.31"]
[SourceVersion "1"]
[SourceVersionDate "2010.08.31"]
[SourceQuality "1"]
[WhiteTeam "Australia"]
[BlackTeam "Italy"]
[WhiteTeamCountry "AUS"]
[BlackTeamCountry "ITA"]

1. e4 b6 2. Bc4 Bb7 3. Qh5 g6 4. Qf3 e6 5. Nc3 Bg7 6. d4 Ne7 7. Bf4 0-0 8. Nb5 d6 9. 0-0-0 a6 10. Nc3 Nd7 11. Nh3 h6 12. d5 e5 13. Be3 b5 14. Be2 c5 15. b4 cxb4 16. Nb1 Qc7 17. c3 bxc3 18. Na3 b4 19. Nc4 a5 20. Ng5 a4 21. Nb6 Nxb6 22. Bxb6 Qxb6 23. Qe3 Qc7 24. Kc2 Ba6 25. Bxa6 Rxa6 26. Rb1 Rb8 27. Qf3 f6 28. Ne6 Qc4 29. Qg3 Qe2+ 30. Kc1 Qd2# 0-1

[Event "IECC CL8-2009.04 email"]
[Site "IECC email"]
[Date "2009.07.05"]
[Round "?"]
[White "Hawkins, Cristina"]
[Black "Carrizo, Sergio Gaston"]
[Result "0-1"]
[WhiteElo "1008"]
[BlackElo "1023"]
[PlyCount "82"]
[EventDate "2009.??.??"]
[EventType "tourn (corr)"]
[EventRounds "4"]
[SourceTitle "Telechess CBM 137"]
[Source "ChessBase"]
[SourceDate "2010.07.15"]
[SourceVersion "1"]
[SourceVersionDate "2010.07.15"]
[SourceQuality "1"]
[WhiteTeam "Italy"]
[BlackTeam "Argentina"]
[WhiteTeamCountry "ITA"]
[BlackTeamCountry "ARG"]

1. e4 c6 2. d4 d5 3. e5 Bf5 4. Ne2 e6 5. Ng3 Bg6 6. h4 h6 7. h5 Bh7 8. Bd3 Bxd3 9. cxd3 Qb6 10. Qb3 Qxb3 11. axb3 c5 12. Be3 cxd4 13. Bxd4 Nc6 14. Ne2 Bb4+ 15. Bc3 Bxc3+ 16. bxc3 Nxe5 17. Nf4 Nf6 18. Nd2 0-0 19. Rh4 Rfc8 20. d4 Nc6 21. Nf3 a5 22. Kd2 Ne4+ 23. Ke3 Nxc3 24. Nd2 Nb4 25. Rg1 Nc2+ 26. Kd3 Nb4+ 27. Ke3 Nb5 28. Ne2 Rc2 29. g4 Nd6 30. g5 Nf5+ 31. Kf4 Rxd2 32. gxh6 Nd3+ 33. Kf3 Nxh4+ 34. Ke3 Rxe2+ 35. Kxe2 Nf4+ 36. Ke3 Nxh5 37. Rg5 Nf5+ 38. Kd2 g6 39. f3 Nhg3 40. Rg4 Rc8 41. Kd3 b5 0-1